000 00409nam a2200181Ia 4500
001 9693
005 20260306161737.0
008 260306t2012||||xx |||||||||||||| ||spa||
041 _aESP
082 _a398.2
_bA145
100 _aAyllon, Jose Ramon
_eAUT
245 0 _aLos nuevos mitos
260 _c2012
300 _a75 páginas :
_c16 cm.
650 _aGEN
654 _aCHU
942 _cLIB
_dJUS
_fJUS
_2ddc
_n
999 _c9693
_d9693